Sunway academic journal

Detalles Bibliográficos
Formato: Electrónico Revista
Lenguaje:inglés
Publicado: Petaling Jaya, Selangor : Sunway University College
Materias:
Acceso en línea:Full text available from Research Library: 01/01/2010 to 01/31/2014

MARC

LEADER 00000nas a2200000 i 4500
001 ssj0001077990
003 WaSeSS
005 20200512172242.0
006 m d
007 cr n
008 140109u20uuuuuumy a| p|s|||||| |0eng d
035 |a (WaSeSS)ssj0001077990 
040 |a WaSeSS  |b eng  |c WaSeSS  |d WaSeSS 
043 |a a-my--- 
050 1 4 |a Q180.M4 
245 0 0 |a Sunway academic journal  |h [electronic resource]. 
260 |a Petaling Jaya, Selangor :  |b Sunway University College 
310 |a Annual 
506 |a License restrictions may limit access. 
588 |a Description based on: Volume 7 (2010); title from title screen (ProQuest, viewed Jan. 9, 2014). 
588 |a Latest issue consulted: Volume 9 (2012) (viewed Jan. 9, 2014). 
650 0 |a Research  |z Malaysia  |v Periodicals. 
650 0 |a Social sciences  |v Periodicals. 
655 0 |a Electronic journals. 
776 0 8 |i Print version:  |t Sunway academic journal  |x 1823-500X 
856 4 0 |z Full text available from Research Library: 01/01/2010 to 01/31/2014  |u https://search.proquest.com/publication/386372